000 01320nam a2200409 i 4500
001 43503
003 KOSZ 005
005 20221006142443.0
008 030624s2003 pl f f |001 0 pol
015 _aPB 2003/10333
020 _a8373870520
040 _aWA N
_cWA N
_dKOSZ 005/HR
041 0 _apol
046 _k2003
080 _a342.9(438)
080 _a(075.8)
100 1 _aLeoński, Zbigniew
_d(1929-2006)
_eAutor
245 1 0 _aMaterialne prawo administracyjne /
_cZbigniew Leoński.
250 _a6 wyd. uzup. i zaktual.
260 _aWarszawa :
_bC. H. Beck,
_c2003.
300 _aXVII, [1], 221 s. ;
_c21 cm.
336 _2rdacontent
_aTekst
_btxt
337 _2rdamedia
_aBez urządzenia pośredniczącego
_bn
338 _2rdacarrier
_aWolumin
_bnc
380 _aKsiążki
388 _a2001-
490 1 _aPodręczniki Prawnicze.
504 _aBibliogr., także przy rozdz. Indeks.
650 4 _aPrawo administracyjne
651 7 _aPolska
655 4 _aPodręczniki akademickie
658 _aPrawo i wymiar sprawiedliwości
710 2 _aWydawnictwo C.H. Beck
_4pbl.
830 0 _aPodręczniki Prawnicze
856 _uhttp://koha.tu.koszalin.pl/cgi-bin/koha/opac-detail.pl?biblionumber=43503
_yKatalog online BPK
942 _2UKD
_cKS
999 _c43503
_d43503